02319nam a2200337 a 450000100100000000500170001000800410002702000180006804000250008608200200011124502000013124601290033126000870046030000270054750000730057450400330064750503310068059000260101165000530103765000680109065000610115870000260121970000400124591000420128595201320132795201320145995201320159195201180172395201230184199900170196400001523520200929164005.0100203s2009 dr a r 001 0 spa d a9789993425823 aDO-SdBNPbspacBNPHU a362.8292bS677v00aSobre vivencias :b4 casos de violencia contra la mujer y su relación con el Sistema de Protección en Santo Domingo /cLucero Quiroga... [et al.] ; presentación Mauricio Ramírez Villegas.13aSobre vivencias :bcuatro casos de violencia contra la mujer y su relación con el Sistema de Protección en Santo Domingo aSanto Domingo :bINTECbPrograma de las Naciones Unidas para el Desarrollo,c2009. axiii, 234 p. ;c25 cm. aIncluye referencias bibliográficas y notas al pie de las páginas aBibliografía : p. 225- 2342 aPresentaciones -- Introducción --Sistema de protección de los derechos de las mujeres -- Clara, una niña mutilada -- Rosa, la soledad de un proceso revictimizante -- Teresa, el tránsito de la desesperanza a través de las fronteras -- Jorge ... eres entre todas las mujeres -- Hacia un sistema de atención integral. aInventariado, 2018/BT 4aViolencia conyugalzRepública Dominicana92756 4aViolencia conyugalxLegislaciónzRepública Dominicana92755 4aViolencia contra la mujerzRepública Dominicana9344821 aQuiroga, Lucero925561 aRamírez Villegas, Mauricio934483 aValidado. Control de calidad. MMOLINA 001054708DSaGRbGRcHDd2010-02-03iLF1l0o362.8292 S677vp15235-30r2020-06-25te.3w2020-06-25yLFDSZPréstamo en sala 001054708DSaGRbGRcHDd2010-02-03iLF1l0o362.8292 S677vp15235-40r2020-06-25te.4w2020-06-25yLFDSZPréstamo en sala 001054708DSaGRbGRcHDd2010-02-03iLF1l0o362.8292 S677vp15235-50r2020-06-25te.5w2020-06-25yLFDSZPréstamo en sala 0010718PDaPDbPDcHDd2010-02-03iLF1l0o362.8292 S677vp15235-10r2020-06-25w2020-06-25yLFPDZNo se presta 0010718PDaPDbPDcHDd2010-02-03iLF1l0o362.8292 S677vp15235-20r2020-06-25te.2w2020-06-25yLFPDZNo se presta c14804d14804